[Event "GER BFSM-2 email"]
[Site "GER email"]
[Date "2008.09.07"]
[Round "?"]
[White "Hoffacker, Detlef"]
[Black "Schultz, Klaus Peter"]
[Result "1-0"]
[WhiteElo "1640"]
[BlackElo "1640"]
[PlyCount "87"]
[EventDate "2008.??.??"]
[EventType "tourn (corr)"]
[EventRounds "4"]
[EventCountry "GER"]
[SourceTitle "Corr 2011"]
[Source "ChessBase"]
[SourceDate "2010.08.31"]
[SourceVersion "1"]
[SourceVersionDate "2010.08.31"]
[SourceQuality "1"]

1. d4 Nf6 2. Nc3 d5 3. Bf4 e6 4. e3 b6 5. Nb5 Na6 6. Nf3 Bb7 7. Bd3 c6 8. Nc3 Rc8 9. a3 Be7 10. 0-0 0-0 11. Ne5 Nc7 12. Qf3 Nce8 13. Qg3 Nd6 14. Ne2 c5 15. c3 Nc4 16. Bh6 Ne8 17. Bxc4 dxc4 18. Rad1 Qc7 19. Bf4 Bd6 20. Rd2 Nf6 21. dxc5 bxc5 22. Ng4 Ne4 23. Nf6+ Kh8 24. Nxe4 Bxf4 25. Nxf4 Bxe4 26. Qh4 Rfe8 27. Rfd1 Re7 28. f3 Bd5 29. Nxd5 exd5 30. Rxd5 Rce8 31. Qxc4 Rxe3 32. Qxc5 Qxc5 33. Rxc5 R3e7 34. b4 Kg8 35. c4 Kf8 36. b5 g6 37. Rc6 Re3 38. Rc7 Rxa3 39. Rdd7 Ra1+ 40. Kf2 Ra2+ 41. Kg3 Ree2 42. Rxf7+ Ke8 43. Rxh7 Kd8 44. c5 1-0